00924nam a2200241 a 450000100060000000300080000600500170001400800410003103500190007204000270009104100080011808200300012610000410015624501100019726000500030730000260035750400530038350501370043665000260057370000260059971000320062574000250065766096BD-RjUL20211209081511.0170314s1989 ii a b f001 0 eng  a(BD-RjUL)66226 aDLCcDLCdBD-RjULbeng aeng00a595.7360954223bROF 19891 aRoonwal, M. L.q(Mithan Lal),d1908-14aThe fauna of India and the adjacent countries.pIsoptera (termites) /cby M.L. Roonwal and O.B. Chhotani. aCalcutta :bZoological Survey of India,c1989 av. :bill. ;c25 cm. aIncludes bibliographical references and indexes.0 a Vol. 1 (Introduction and families Termopsidae, Hodotermitidae, Kalotermitidae, Rhinotermitidae, Stylotermitidae and Indotermitidae) 0aTermiteszSouth Asia.1 aChhotani, Om Bahadur.2 aZoological Survey of India.0 aIsoptera (termites).